000 00855nmc a2200301 a 4500
003 AR-BaBNM
005 20251128202836.0
008 136019s1953 ||||||||||||||000 | spa||
040 _cAR-BaBNM
100 1 _aCané, Miguel
_chijo
_d1851-1905
245 1 0 _aJuvenilia
260 _aBuenos Aires
_bJackson
_c1953
300 1 _axvii, 191 p.
490 0 _aGrandes Escritores Argentinos
_vv. 40
500 0 _aContiene: Biografía del autor
500 0 _aAdvertencia del autor a la edición de 1901
650 4 _aLITERATURA ARGENTINA
650 4 _aGENERACION DE 1880
650 4 _aAUTOBIOGRAFIAS
650 4 _aNOVELAS
650 4 _aHISTORIA INSTITUCIONAL
650 4 _aHISTORIA DE LA EDUCACION
655 _aLITERATURA
700 1 _aArrieta, Rafael Alberto
_eprologuista
800 1 _aPalcos, Alfredo
_edirector
942 _cBK
998 _cisola
999 _c843
_d843